Pays insulaire - Mort Subite - Statistiques

Statistiques générales
  • Ce quiz a été pris 953 fois
    890 depuis la dernière actualisation
  • Le résultat moyen est 13 sur 18
Answers on the Grid
Answers color-coded by a green-red scale on the quiz's grid according to % correct below.
Malaisie
Corée du Sud
Palaos
Chypre
Malte
Malawi
Somalie
Panama
Cuba
Jamaïque
Qatar
Cap-Vert
Royaume-Uni
Danemark
Île Mauricette
Madagascar
Italie
Philippines
Samoa
Grèce
Japon
Bahreïn
Suède
Birmanie
Sainte Lucie
Comores
Île Maurice
Sri Lanka
Gambie
Singapour
Nouvelle Guinée
Tonga
 
Statistiques - réponses
Réponse % Correct
Malte
90%
Chypre
89%
Cuba
84%
Palaos
81%
Cap-Vert
79%
Jamaïque
78%
Île Maurice
76%
Madagascar
75%
Japon
72%
Comores
71%
Royaume-Uni
70%
Samoa
70%
Sri Lanka
70%
Philippines
69%
Sainte Lucie
69%
Tonga
63%
Bahreïn
35%
Singapour
35%
Aucun quiz correspondant
Distribution des résultats
% des personnes avec chaque résultat
Percentile par nombre de réponses
Votre historique - résultats
Vous n’avez pas pris ce quiz depuis la dernière actualisation